000 00293nam a22001337a 4500
008 170915b xxu||||| |||| 00| 0 eng d
020 _a0232273233
041 _aeng
080 _a7
100 _a44
101 _aart
245 _aHISTORY OF MODERN ART
_cARNASTON.H.H
942 _2udc
_cBK
999 _c27784
_d27784